<?xml version="1.0" encoding="UTF-8"?>
<record
    xmlns:xsi="http://www.w3.org/2001/XMLSchema-instance"
    xsi:schemaLocation="http://www.loc.gov/MARC21/slim http://www.loc.gov/standards/marcxml/schema/MARC21slim.xsd"
    xmlns="http://www.loc.gov/MARC21/slim">

  <leader>02154nam a2200205 a 4500</leader>
  <controlfield tag="008">180206e2000    ag ||||| |||| 00| 1 spa d</controlfield>
  <datafield tag="020" ind1=" " ind2=" ">
    <subfield code="a">9504905234</subfield>
  </datafield>
  <datafield tag="041" ind1=" " ind2=" ">
    <subfield code="a">spa</subfield>
  </datafield>
  <datafield tag="092" ind1=" " ind2=" ">
    <subfield code="c">808</subfield>
    <subfield code="l">51</subfield>
    <subfield code="s">MAR</subfield>
  </datafield>
  <datafield tag="100" ind1="1" ind2=" ">
    <subfield code="a">Mart&#xED;nez, Tom&#xE1;s Eloy</subfield>
    <subfield code="9">3498</subfield>
  </datafield>
  <datafield tag="245" ind1=" " ind2=" ">
    <subfield code="a">Ficciones verdaderas.</subfield>
    <subfield code="b">Hechos reales que inspiraron grandes obras literarias /</subfield>
    <subfield code="c">Tom&#xE1;s Eloy Mart&#xED;nez</subfield>
  </datafield>
  <datafield tag="250" ind1=" " ind2=" ">
    <subfield code="a">1a ed.</subfield>
  </datafield>
  <datafield tag="260" ind1=" " ind2=" ">
    <subfield code="a">Buenos Aires:</subfield>
    <subfield code="b">Planeta;</subfield>
    <subfield code="c">2000.</subfield>
  </datafield>
  <datafield tag="300" ind1=" " ind2=" ">
    <subfield code="a">318 p.</subfield>
  </datafield>
  <datafield tag="500" ind1=" " ind2=" ">
    <subfield code="a">Mart&#xED;nez, T. E. (2000). Ficciones verdaderas. Hechos que inspiraron grandes obras literarias. (1a ed.). Buenos Aires : Planeta.</subfield>
  </datafield>
  <datafield tag="505" ind1=" " ind2=" ">
    <subfield code="a">Stendhal, en su c&#xE9;lebre "teor&#xED;a de la cristalizaci&#xF3;n", enuncia el principio que rige esta antolog&#xED;a: "...en las minas de sal que hay en Salzburgo se deja caer a veces una rama sin hojas al fondo de un pozo en desuso. Dos o tres meses m&#xE1;s tarde, cuando se recupera la rama, est&#xE1; ya cubierta por brillantes cristalizaciones (...) innumerables diamantes deslumbradores, y ya no es posible reconocer la rama original...". &#xC9;sta es, sin duda, una s&#xED;ntesis perfecta de la definici&#xF3;n de "ficci&#xF3;n verdadera". Tom&#xE1;s Eloy Mart&#xED;nez ha seleccionado -tras una b&#xFA;squeda ardua, sensible e inteligente- una serie de textos en los cuales los hechos que signan una &#xE9;poca encuentran en la ficci&#xF3;n una flecha que hace blanco en el imaginario com&#xFA;n. Entonces la ficci&#xF3;n rescata el pasado, se lo apropia, lo ilumina y enriquece el presente. Si todo texto establece alg&#xFA;n tipo de pacto con su lector, es en las ficciones verdaderas donde ese pacto afianza el v&#xED;nculo: la complicidad entre autor y lector hace posible que la literatura ofrezca la posibilidad de leer la realidad de otro modo. As&#xED; lo entendieron en sus obras Shakespeare, Dumas, Melville, Flaubert, Corad, Garc&#xED;a Lorca, Borges, Carpetier, Vargas Llosa, Garc&#xED;a M&#xE1;rquez, Toni Morrison, por citas s&#xF3;lo algunos. La lista ser&#xED;a infinita... Cada lector siempre sabr&#xE1; encontrar en la literatura alg&#xFA;n fugaz cristal que est&#xE9; transformando en imperecederos, los hechos de la realidad. </subfield>
  </datafield>
  <datafield tag="590" ind1=" " ind2=" ">
    <subfield code="a">DONACION MARIA VITARELLI DIC/2017.</subfield>
  </datafield>
  <datafield tag="655" ind1=" " ind2=" ">
    <subfield code="a">Literatura</subfield>
    <subfield code="9">2917</subfield>
  </datafield>
  <datafield tag="942" ind1=" " ind2=" ">
    <subfield code="2">ddc</subfield>
    <subfield code="c">LIT</subfield>
  </datafield>
  <datafield tag="999" ind1=" " ind2=" ">
    <subfield code="c">2635</subfield>
    <subfield code="d">2635</subfield>
  </datafield>
  <datafield tag="952" ind1=" " ind2=" ">
    <subfield code="0">0</subfield>
    <subfield code="1">0</subfield>
    <subfield code="2">ddc</subfield>
    <subfield code="4">0</subfield>
    <subfield code="7">0</subfield>
    <subfield code="a">BFM</subfield>
    <subfield code="b">BFM</subfield>
    <subfield code="c">CR</subfield>
    <subfield code="d">2018-02-06</subfield>
    <subfield code="e">Donacion</subfield>
    <subfield code="l">0</subfield>
    <subfield code="o">808 51 MAR</subfield>
    <subfield code="p">4156</subfield>
    <subfield code="r">2018-02-06</subfield>
    <subfield code="t">Ej. 1</subfield>
    <subfield code="w">2018-02-06</subfield>
    <subfield code="y">LIT</subfield>
    <subfield code="z">DONACION MARIA VITARELLI DIC/2017.</subfield>
  </datafield>
</record>
